Statistics for Guess The Avatar Character

Click here to take the quiz!

General Stats

  • This quiz has been taken 23 times
  • The average score is 10 of 14

Answer Stats

Answer% Correct
Jake Sully
88%
Neytiri
88%
Spider
81%
Kiri
75%
Loak
75%
Neteyam
75%
Tuktirey
69%
Ronal
63%
Tonowari
63%
Tsireya
63%
Aonung
56%
Norm Spellman
56%
Rotxo
56%
Quaritch
50%

Score Distribution

Percentile by Number Answered

Percent of People with Each Score

Your Score History

You have not taken this quiz